000 00823nam a22002417a 4500
999 _c5780
_d5780
003 AR-CdUCM
008 190313b ||||| |||| 00| 0 spa d
040 _aMUNICIPALIDAD PROVINCIAL DEL CUSCO
_cBIBLIOTECA MUNICIPAL DEL CUSCO
082 _a985.009 /
_bC19
245 _aV. García Calderón; Abraham Valdelomar /
_cJulio Ortega; Augusto Tamayo Vargas
260 _aLima :
_bUniversitaria,
_c1966.
300 _a147 páginas ;
_c19 cm.
440 _aBiblioteca hombres del Perú
_n : XXXVII
_917169
440 _aCuarta serie
_916855
500 _aDonación de la familia Nieto.
650 _aBiografías
_9148
650 _aV. García Calderón
_917170
650 _aAbraham Valdelomar
_92344
700 _aOrtega, Julio
_95562
700 _aTamayo Vargas, Augusto
_91952
942 _2ddc
_cLIBROS
945 _alccs